[Event "GCT Rapid Paris 2016"]
[Site "Paris FRA"]
[Date "2016.06.10"]
[Round "6.2"]
[White "Topalov, Veselin"]
[Black "Carlsen, Magnus"]
[Result "0-1"]
[WhiteTitle "GM"]
[BlackTitle "GM"]
[WhiteElo "2761"]
[BlackElo "2855"]
[WhiteFideId "2900084"]
[BlackFideId "1503014"]
[EventDate "2016.06.09"]

1. e4 e5 2. Nf3 Nc6 3. Bb5 a6 4. Ba4 Nf6 5. O-O Be7 6. d3 b5 7. Bb3 d6 8. a3 O-O
9. Nc3 Na5 10. Ba2 Be6 11. d4 Bxa2 12. Rxa2 Nc6 13. d5 Nb8 14. Qe2 Nbd7 15. Rd1
Qc8 16. Nh4 g6 17. g3 Ne8 18. Ng2 Ng7 19. Bh6 Nf6 20. Ne3 Qh3 21. Bxg7 Kxg7 22.
b4 h5 23. a4 a5 24. Rb1 axb4 25. Rxb4 bxa4 26. Raxa4 Ng4 27. Nf1 h4 28. f3 hxg3
29. hxg3 Nf6 30. Qg2 Qh6 31. Qh2 Qg5 32. Qd2 Qh5 33. g4 Qh8 34. Nb5 Nh7 35. Qh2
Rfb8 36. c4 Qd8 37. Ne3 Bg5 38. Qe2 Bf4 39. Ng2 Bg3 40. Qe3 Ng5 41. Kf1 Qh8 0-1

[Event "GCT Rapid Paris 2016"]
[Site "Paris FRA"]
[Date "2016.06.10"]
[Round "6.3"]
[White "Caruana, Fabiano"]
[Black "Vachier-Lagrave, Maxime"]
[Result "0-1"]
[WhiteTitle "GM"]
[BlackTitle "GM"]
[WhiteElo "2804"]
[BlackElo "2789"]
[WhiteFideId "2020009"]
[BlackFideId "623539"]
[EventDate "2016.06.09"]

1. d4 Nf6 2. Nf3 g6 3. Bf4 Bg7 4. e3 b6 5. Be2 Bb7 6. O-O O-O 7. c4 d6 8. h3
Nbd7 9. Bh2 e6 10. Nfd2 Re8 11. Nc3 e5 12. Bf3 Qc8 13. Rc1 Bh6 14. Rc2 a5 15.
Nb5 Bf8 16. b3 c6 17. Nc3 Qc7 18. g4 h6 19. Bg2 Bg7 20. Bg3 Rad8 21. h4 Qc8 22.
Bh3 Nf8 23. Kh2 Qa8 24. Nf3 c5 25. d5 Bc8 26. Nd2 N8h7 27. f3 Qb7 28. Rg1 Kh8
29. Bf1 Ng8 30. Bd3 f5 31. h5 e4 32. fxe4 fxg4 33. hxg6 Ng5 34. Bf4 Be5 35. Rxg4
Bxg4 36. Qxg4 Qg7 37. Ne2 Qxg6 38. Ng3 Nf6 39. Qh4 Rg8 40. Rc1 Rd7 41. Rg1 Rh7
42. Bxe5 dxe5 43. Nf5 h5 44. Kh1 Ng4 45. Rf1 Rf7 46. Rg1 Nh3 47. Rxg4 Qxg4 48.
Qxg4 Nf2+ 49. Kg2 Nxg4 50. Nf3 Rxf5 51. exf5 e4 0-1

[Event "GCT Rapid Paris 2016"]
[Site "Paris FRA"]
[Date "2016.06.10"]
[Round "6.4"]
[White "Kramnik, Vladimir"]
[Black "Aronian, Levon"]
[Result "1/2-1/2"]
[WhiteTitle "GM"]
[BlackTitle "GM"]
[WhiteElo "2812"]
[BlackElo "2792"]
[WhiteFideId "4101588"]
[BlackFideId "13300474"]
[EventDate "2016.06.09"]

1. e4 e5 2. Nf3 Nc6 3. Bc4 Bc5 4. c3 Nf6 5. d3 O-O 6. O-O d5 7. exd5 Nxd5 8. a4
a5 9. Nbd2 Nb6 10. Bb5 Bg4 11. h3 Bh5 12. Ne4 Bd6 13. Re1 Na7 14. d4 Nxb5 15.
axb5 exd4 16. Nxd6 Bxf3 17. Qxf3 Qxd6 18. Bf4 Qf6 19. Bxc7 Qxf3 20. gxf3 Nd5 21.
Bxa5 dxc3 22. bxc3 Rfc8 23. Red1 Nf4 24. Kh2 h6 25. Bb4 Rxa1 26. Rxa1 Nd5 27.
Rd1 Nxb4 28. cxb4 g5 29. Rd4 Kg7 30. f4 Rc3 31. Kg2 Kg6 32. fxg5 hxg5 33. h4
gxh4 34. Rxh4 Rd3 35. Rc4 Rd5 36. Rc5 Rd4 37. Rc7 Rxb4 38. Rxb7 Rb3 39. Rb8 Kf5
40. Rb6 Kf4 41. Rb8 f5 42. b6 Rb2 43. Rb7 Rb1 1/2-1/2

[Event "GCT Rapid Paris 2016"]
[Site "Paris FRA"]
[Date "2016.06.10"]
[Round "6.5"]
[White "Giri, Anish"]
[Black "Fressinet, Laurent"]
[Result "1-0"]
[WhiteTitle "GM"]
[BlackTitle "GM"]
[WhiteElo "2782"]
[BlackElo "2687"]
[WhiteFideId "24116068"]
[BlackFideId "608742"]
[EventDate "2016.06.09"]

1. e4 e5 2. Nf3 Nc6 3. d4 exd4 4. Nxd4 Bc5 5. Nb3 Bb6 6. Nc3 Nf6 7. Bg5 h6 8.
Bh4 d6 9. f3 Be6 10. Bb5 a6 11. Bxc6+ bxc6 12. Qe2 g5 13. Bf2 Bxf2+ 14. Qxf2 Qe7
15. O-O-O a5 16. Nd4 Bd7 17. h4 g4 18. Nf5 Qe5 19. f4 Nxe4 20. Nxd6+ Qxd6 21.
Nxe4 Qe7 22. Qd4 1-0

[Event "GCT Rapid Paris 2016"]
[Site "Paris FRA"]
[Date "2016.06.10"]
[Round "7.1"]
[White "Carlsen, Magnus"]
[Black "Giri, Anish"]
[Result "1/2-1/2"]
[WhiteTitle "GM"]
[BlackTitle "GM"]
[WhiteElo "2855"]
[BlackElo "2782"]
[WhiteFideId "1503014"]
[BlackFideId "24116068"]
[EventDate "2016.06.09"]

1. e4 e5 2. Bc4 Nf6 3. d3 Nc6 4. Nc3 Na5 5. Nge2 Bc5 6. O-O O-O 7. a4 Nxc4 8.
dxc4 a5 9. Qd3 d6 10. b3 Be6 11. Be3 Nd7 12. Rad1 f5 13. f4 b6 14. Kh1 Kh8 15.
Bxc5 Nxc5 16. Qe3 exf4 17. Nxf4 fxe4 18. Nxe6 Nxe6 19. Rxf8+ Qxf8 20. Qxe4 Nc5
21. Qc6 Rc8 22. Kg1 Qf4 23. Nd5 Qe4 24. Rf1 h6 25. h3 Qd4+ 26. Kh2 Qe5+ 27. Kg1
Qd4+ 28. Kh2 Qe5+ 1/2-1/2

[Event "GCT Rapid Paris 2016"]
[Site "Paris FRA"]
[Date "2016.06.10"]
[Round "7.3"]
[White "So, Wesley"]
[Black "Topalov, Veselin"]
[Result "1/2-1/2"]
[WhiteTitle "GM"]
[BlackTitle "GM"]
[WhiteElo "2770"]
[BlackElo "2761"]
[WhiteFideId "5202213"]
[BlackFideId "2900084"]
[EventDate "2016.06.09"]

1. d4 Nf6 2. c4 e6 3. Nf3 d5 4. Nc3 Be7 5. Bf4 O-O 6. e3 Nbd7 7. a3 c5 8. cxd5
Nxd5 9. Nxd5 exd5 10. dxc5 Nxc5 11. Be5 Bf6 12. Bxf6 Qxf6 13. Qd4 Qe7 14. Rd1
Rd8 15. Be2 Bf5 16. Qb4 Rac8 17. O-O Be4 18. Nd2 Bg6 19. Nf3 b6 20. Rc1 Be4 21.
Nd2 Qf6 22. Nxe4 dxe4 23. Rcd1 g6 24. h3 h5 25. Qb5 Kg7 26. b4 Ne6 27. Rxd8 Rxd8
28. Bc4 Nc7 29. Qa4 Qc3 30. Qc6 Qe5 31. Rc1 Ne8 32. Bf1 Nf6 33. Qc7 Qxc7 34.
Rxc7 Rd7 35. Rc4 h4 36. b5 Rd1 37. g3 hxg3 38. fxg3 Ra1 39. a4 Ra3 40. Bg2 Ra1+
41. Kf2 Ra2+ 42. Kg1 Re2 43. Kf1 Rxe3 44. Kf2 Ra3 45. Bxe4 Nh5 46. g4 Nf6 47.
Bg2 Ra2+ 48. Kg3 Ra3+ 49. Kf2 Ra2+ 50. Kg3 Ra3+ 1/2-1/2

[Event "GCT Rapid Paris 2016"]
[Site "Paris FRA"]
[Date "2016.06.10"]
[Round "7.4"]
[White "Aronian, Levon"]
[Black "Caruana, Fabiano"]
[Result "1-0"]
[WhiteTitle "GM"]
[BlackTitle "GM"]
[WhiteElo "2792"]
[BlackElo "2804"]
[WhiteFideId "13300474"]
[BlackFideId "2020009"]
[EventDate "2016.06.09"]

1. Nf3 d5 2. c4 d4 3. b4 f6 4. Na3 e5 5. Nc2 c5 6. bxc5 Bxc5 7. d3 Nc6 8. g3
Nge7 9. Bg2 O-O 10. O-O Be6 11. Nd2 f5 12. Rb1 b6 13. Ba3 Bxa3 14. Nxa3 Rc8 15.
Qa4 Qd7 16. Nb5 a5 17. Qa3 Nb4 18. Nf3 Ng6 19. Ng5 Kh8 20. Nxe6 Qxe6 21. Qb2 f4
22. Na3 Rf6 23. Nc2 Nxc2 24. Qxc2 h5 25. Kh1 h4 26. g4 f3 27. Bxf3 Rcf8 28. Bd5
Qxg4 29. Rg1 Qh5 30. f3 Nf4 31. Be4 Nh3 32. Rg2 Qh6 33. c5 Rc8 34. Qa4 Rf7 35.
Qb3 Rf6 36. Qb5 Rfc6 37. Bxc6 Rxc6 38. Rf1 Rxc5 39. Qe8+ Kh7 40. Qd7 Nf4 41. Rg4
Nxe2 42. Qe7 Rc1 43. Rxh4 Rxf1+ 44. Kg2 Nf4+ 45. Kxf1 Nh5 46. Qxe5 Qc1+ 47. Qe1
Qc5 48. Kg1 g6 49. Rg4 Nf6 50. Rg2 Nd5 51. Qh4+ Kg7 52. Qg5 Qc6 53. Qe5+ Kh7 54.
Rg4 Nf6 55. Qe7+ Kh6 56. Qf8+ Kh7 57. Qf7+ Kh8 58. Rxg6 Qc1+ 59. Kg2 Qc2+ 60.
Kh3 1-0

[Event "GCT Rapid Paris 2016"]
[Site "Paris FRA"]
[Date "2016.06.10"]
[Round "8.2"]
[White "Fressinet, Laurent"]
[Black "Carlsen, Magnus"]
[Result "1/2-1/2"]
[WhiteTitle "GM"]
[BlackTitle "GM"]
[WhiteElo "2687"]
[BlackElo "2855"]
[WhiteFideId "608742"]
[BlackFideId "1503014"]
[EventDate "2016.06.09"]

1. d4 Nf6 2. Nf3 e6 3. e3 d5 4. c4 a6 5. b3 c5 6. cxd5 Nxd5 7. Be2 Nc6 8. O-O
cxd4 9. Nxd4 Nxd4 10. Qxd4 Be7 11. Bb2 Bf6 12. Qd2 Bd7 13. Rd1 Bc6 14. e4 Nf4
15. Qxd8+ Rxd8 16. Rxd8+ Bxd8 17. Bf1 Bxe4 18. Nd2 Bc6 19. g3 Bf6 20. Bxf6 gxf6
21. Rc1 Kd7 22. Rxc6 Kxc6 23. gxf4 Kc5 24. a3 Kd4 25. b4 Rg8+ 26. Kh1 Kc3 27.
Ne4+ Kb2 28. Nc5 Rb8 29. a4 Ka3 30. b5 Kb4 31. Nd3+ Ka5 32. Nc5 Kb4 33. Nd3+
Kxa4 34. bxa6 bxa6 35. Nc5+ Ka5 36. Bxa6 Rb4 37. Bd3 f5 38. Kg2 Rxf4 39. Be2 Kb6
40. Nd3 Rd4 41. Kg3 Kc7 42. f4 Kd6 43. Ne5 f6 44. Nf3 Ra4 45. Nh4 Ra3+ 46. Kf2
Kd5 47. Bf3+ Kd4 48. Bc6 Ra2+ 49. Kg3 Ra6 50. Bb7 Rb6 51. Ba8 Ke3 52. Ng2+ Ke2
53. Bf3+ Kf1 54. Ne3+ Kg1 55. Be2 Rb3 56. Kf3 e5 57. Bc4 Rb2 58. Nxf5 Rf2+ 59.
Kg3 Rxf4 60. Be6 Rf2 61. h4 e4 62. h5 Rf3+ 63. Kg4 Ra3 64. Kf4 Ra4 65. Bd5 Kg2
66. Bxe4+ Kh3 67. h6 Rxe4+ 68. Kxe4 Kg4 69. Nd6 Kg5 70. Nf5 Kg4 71. Nd6 Kg5 1/2-1/2

[Event "GCT Rapid Paris 2016"]
[Site "Paris FRA"]
[Date "2016.06.10"]
[Round "8.3"]
[White "Giri, Anish"]
[Black "So, Wesley"]
[Result "1/2-1/2"]
[WhiteTitle "GM"]
[BlackTitle "GM"]
[WhiteElo "2782"]
[BlackElo "2770"]
[WhiteFideId "24116068"]
[BlackFideId "5202213"]
[EventDate "2016.06.09"]

1. d4 Nf6 2. c4 e6 3. Nf3 d5 4. Nc3 Bb4 5. Qa4+ Nc6 6. e3 O-O 7. Bd2 dxc4 8.
Bxc4 Bd6 9. Qc2 e5 10. dxe5 Nxe5 11. Nxe5 Bxe5 12. f4 Bxc3 13. Bxc3 Ng4 14. Bd4
c5 15. Bxc5 Re8 16. O-O b6 17. Bd4 Nxe3 18. Bxe3 Rxe3 19. Qf2 Re8 20. Rad1 Qf6
21. Qd4 Qxd4+ 22. Rxd4 Bf5 23. Rfd1 g6 24. Ba6 Kg7 25. Kf2 Re7 26. a3 Rae8 27.
Rc1 h5 28. Bb5 Re4 29. Rxe4 Rxe4 30. Rc4 Re7 31. Rc3 Re4 32. Rc4 Re7 33. Rc3 Re4 1/2-1/2

[Event "GCT Rapid Paris 2016"]
[Site "Paris FRA"]
[Date "2016.06.10"]
[Round "8.5"]
[White "Topalov, Veselin"]
[Black "Vachier-Lagrave, Maxime"]
[Result "0-1"]
[WhiteTitle "GM"]
[BlackTitle "GM"]
[WhiteElo "2761"]
[BlackElo "2789"]
[WhiteFideId "2900084"]
[BlackFideId "623539"]
[EventDate "2016.06.09"]

1. e4 c5 2. Nf3 d6 3. Bb5+ Nd7 4. O-O a6 5. Bd3 Ngf6 6. a4 b6 7. c3 Bb7 8. Qe2
g6 9. Bc2 e5 10. d4 cxd4 11. cxd4 exd4 12. Rd1 Bg7 13. Rxd4 O-O 14. Nc3 Re8 15.
Qd1 Qe7 16. Bg5 h6 17. Bh4 Nc5 18. Nd2 Rad8 19. Qf1 g5 20. Bg3 d5 21. e5 Nh5 22.
Nf3 Nxg3 23. hxg3 Bxe5 24. Nxe5 Qxe5 25. Rad1 Ne6 26. R4d2 d4 27. Ne2 Rd6 28.
Nc1 Qf6 29. b4 g4 30. Qd3 Ng5 31. Qf5 Qxf5 32. Bxf5 Bc6 33. Ne2 Bxa4 34. Ra1 Bb5
35. Nxd4 Red8 36. Rad1 h5 37. Bc2 a5 38. bxa5 bxa5 39. Kh1 a4 40. f4 gxf3 41.
Nxf3 Rxd2 42. Rxd2 Rxd2 43. Nxd2 a3 44. Bb1 Ne6 45. Kg1 Nc7 46. Ba2 Bd7 47. Kf2
Be6 48. Bxe6 Nxe6 49. Nb3 a2 50. Ke3 Kg7 51. Kd2 Kf6 0-1

[Event "GCT Rapid Paris 2016"]
[Site "Paris FRA"]
[Date "2016.06.10"]
[Round "9.2"]
[White "Carlsen, Magnus"]
[Black "Kramnik, Vladimir"]
[Result "1-0"]
[WhiteTitle "GM"]
[BlackTitle "GM"]
[WhiteElo "2855"]
[BlackElo "2812"]
[WhiteFideId "1503014"]
[BlackFideId "4101588"]
[EventDate "2016.06.09"]

1. d4 d5 2. c4 e6 3. Nc3 Nf6 4. cxd5 Nxd5 5. e4 Nxc3 6. bxc3 c5 7. Nf3 cxd4 8.
cxd4 Bb4+ 9. Bd2 Bxd2+ 10. Qxd2 O-O 11. Bc4 Nd7 12. O-O b6 13. a4 Bb7 14. Bd3 e5
15. Qe3 exd4 16. Nxd4 Nc5 17. Bc2 Re8 18. f3 Qf6 19. a5 Rad8 20. Rfd1 Ba6 21.
axb6 axb6 22. Ba4 Nxa4 23. Rxa4 b5 24. Rb4 Rd7 25. Rc1 Red8 26. e5 Qb6 27. Rc6
Qa7 28. Nf5 Qxe3+ 29. Nxe3 Ra8 30. Kf2 g6 31. h4 h5 32. e6 fxe6 33. Rxe6 Kh7 34.
Rf4 Bc8 35. Rb6 Ra2+ 36. Kg3 Re2 37. Re4 Bb7 38. Nd5 Rxe4 39. Nf6+ Kg7 40. Nxd7
Re7 41. Nb8 Rc7 42. Rxb5 Kf6 43. Rb2 Kf5 44. Rb6 Re7 45. Rb5+ Kf6 46. Kf4 Rc7
47. Rb6+ Kg7 48. Rd6 Rc4+ 49. Kg3 Rc7 50. Rd7+ Rxd7 51. Nxd7 Ba6 52. Nc5 Bf1 53.
Ne4 Kf7 54. Nd2 Bd3 55. Kf4 Ke6 56. Kg5 Kf7 57. Nb3 Bf1 58. g3 Kg7 59. Nd4 Bc4
60. f4 Bd3 61. f5 gxf5 62. Nxf5+ Kh7 63. Ne3 1-0

[Event "GCT Rapid Paris 2016"]
[Site "Paris FRA"]
[Date "2016.06.10"]
[Round "9.3"]
[White "Vachier-Lagrave, Maxime"]
[Black "Giri, Anish"]
[Result "1/2-1/2"]
[WhiteTitle "GM"]
[BlackTitle "GM"]
[WhiteElo "2789"]
[BlackElo "2782"]
[WhiteFideId "623539"]
[BlackFideId "24116068"]
[EventDate "2016.06.09"]

1. e4 e5 2. Nf3 Nc6 3. Bb5 a6 4. Ba4 Nf6 5. d3 b5 6. Bb3 Bc5 7. Nc3 d6 8. Nd5 h6
9. c3 O-O 10. Nxf6+ Qxf6 11. Bd5 Bd7 12. Rg1 Qd8 13. g4 Kh8 14. g5 g6 15. gxh6
Rb8 16. b4 Bb6 17. Ng5 Qe7 18. h4 f6 19. Nf3 Qe8 20. Qe2 Nd8 21. Be3 Be6 22. Kd2
c6 23. Bb3 c5 24. Rg3 cxb4 25. cxb4 Bxe3+ 26. Qxe3 Qf7 27. Rag1 Bxb3 28. axb3
Qxb3 29. Rxg6 Ne6 30. Qa7 Qxb4+ 31. Ke3 Ra8 32. Qe7 Qc5+ 33. Ke2 Qc2+ 34. Ke3
Qc5+ 35. Ke2 Qc2+ 36. Ke3 Qc5+ 1/2-1/2

[Event "GCT Rapid Paris 2016"]
[Site "Paris FRA"]
[Date "2016.06.10"]
[Round "9.4"]
[White "So, Wesley"]
[Black "Fressinet, Laurent"]
[Result "1-0"]
[WhiteTitle "GM"]
[BlackTitle "GM"]
[WhiteElo "2770"]
[BlackElo "2687"]
[WhiteFideId "5202213"]
[BlackFideId "608742"]
[EventDate "2016.06.09"]

1. c4 Nf6 2. Nc3 c5 3. g3 e6 4. Nf3 b6 5. Bg2 Bb7 6. O-O Be7 7. d4 cxd4 8. Qxd4
O-O 9. Rd1 Qc8 10. Bf4 Rd8 11. Nb5 d5 12. Ne5 Na6 13. Rac1 Bc5 14. Qd3 Ne4 15.
Bxe4 dxe4 16. Qxd8+ Qxd8 17. Rxd8+ Rxd8 18. Nxa7 f6 19. Nec6 Rd7 20. Be3 Bxe3
21. fxe3 Rd2 22. b4 Rxa2 23. Rd1 Bxc6 24. Nxc6 Rb2 25. Rd8+ Kf7 26. Rd7+ Kg6 27.
Nd4 Rxb4 28. Nxe6 Rxc4 29. Rxg7+ Kh6 30. Rg8 b5 31. Nd4 1-0

[Event "GCT Rapid Paris 2016"]
[Site "Paris FRA"]
[Date "2016.06.10"]
[Round "9.5"]
[White "Aronian, Levon"]
[Black "Topalov, Veselin"]
[Result "1-0"]
[WhiteTitle "GM"]
[BlackTitle "GM"]
[WhiteElo "2792"]
[BlackElo "2761"]
[WhiteFideId "13300474"]
[BlackFideId "2900084"]
[EventDate "2016.06.09"]

1. Nf3 d5 2. c4 d4 3. b4 f6 4. Na3 e5 5. Nc2 Na6 6. Rb1 c5 7. b5 Nc7 8. d3 Bd6
9. g3 b6 10. Bg2 Ne7 11. Nd2 Rb8 12. Ne4 O-O 13. Nxd6 Qxd6 14. O-O Bb7 15. Bxb7
Rxb7 16. e3 Ne6 17. Qf3 Rd7 18. e4 Nc8 19. Qg2 Qe7 20. f4 exf4 21. gxf4 f5 22.
e5 Qe8 23. Ne1 Ne7 24. Rb2 Qa8 25. Nf3 Ng6 26. Qg3 a6 27. bxa6 Qxa6 28. h4 Rff7
29. Bd2 Ngf8 30. Rfb1 Rb7 31. h5 Qa8 32. Qg2 Ra7 33. Ng5 Qxg2+ 34. Kxg2 Nxg5 35.
fxg5 Rfe7 36. Rxb6 Rxa2 37. R1b2 Rxb2 38. Rxb2 Rxe5 39. Bf4 Re8 40. Rb7 Ne6 41.
Kg3 Ra8 42. g6 hxg6 43. hxg6 Rf8 44. Be5 Re8 45. Kh4 Kf8 46. Rf7+ Kg8 47. Kh5 f4
48. Kg4 f3 49. Bd6 Rd8 50. Be7 Re8 51. Kxf3 Nf8 52. Rxf8+ Rxf8+ 53. Bxf8 Kxf8
54. Ke4 Ke7 55. Ke5 1-0